000 00251nam a22000977a 4500
999 _c508425
_d508425
082 _aL1/W/1957-58
100 _aGovernment of India
_93744
245 _aWhite paper on budget, 1957-58
260 _aDelhi
_bManager of Publications
_c1957
300 _a164+p.